[Event "Open Semana Santa 2023"]
[Site "?"]
[Date "2023.04.06"]
[Round "3.147"]
[White "Martinez Villena, David"]
[Black "Yurkovskaya, Yana"]
[Result "1-0"]
[WhiteElo "1958"]
[BlackElo "1578"]
[PlyCount "65"]

1. e4 e6 2. d4 d5 3. Bd3 dxe4 4. Bxe4 c6 5. Nf3 Nf6 6. Bd3 Bd6 7. O-O Nbd7 8.
c4 b6 9. Nc3 Bb7 10. Re1 O-O 11. Bg5 Qc7 12. h3 h6 13. Be3 Rfe8 14. Rc1 a6 15.
Bb1 Rad8 16. Qc2 Qb8 17. Rcd1 c5 18. d5 Ne5 19. Nxe5 Bxe5 20. dxe6 Rxe6 21.
Rxd8+ Qxd8 22. Rd1 Qc7 23. Nd5 Nxd5 24. cxd5 Rg6 25. Qc4 Rd6 26. Qe4 Qd7 27.
Qxe5 Bxd5 28. Bf4 Re6 29. Qb8+ Re8 30. Rxd5 Rxb8 31. Rxd7 Re8 32. Kh2 g5 33.
Be3 1-0

[Event "Open Semana Santa 2023"]
[Site "?"]
[Date "2023.04.06"]
[Round "3.148"]
[White "Callealta, Andres"]
[Black "Perez Gonzalez, Roberto"]
[Result "1-0"]
[WhiteElo "1601"]
[BlackElo "1957"]
[PlyCount "57"]

1. e4 e5 2. Nf3 Nc6 3. Nc3 Nf6 4. Bb5 Nd4 5. Nxd4 exd4 6. e5 dxc3 7. exf6 Qxf6
8. dxc3 Be7 9. O-O O-O 10. Be3 c6 11. Bd4 Qh4 12. Bd3 d5 13. Re1 Bg4 14. Qd2
Bd6 15. Be5 Bc5 16. Bg3 Qf6 17. Be5 Qd8 18. Qf4 Bh5 19. Bc7 Qf6 20. Qxf6 gxf6
21. b4 Rac8 22. Bf4 Bb6 23. Re7 Bg4 24. a4 Rfe8 25. Rae1 Be6 26. Rxb7 Rcd8 27.
a5 Bc8 28. Rbe7 Be6 29. Rxe8+ 1-0

[Event "Open Semana Santa 2023"]
[Site "?"]
[Date "2023.04.06"]
[Round "3.149"]
[White "Olsen, Geir"]
[Black "Hurtado Rueda, Manuel"]
[Result "0-1"]
[WhiteElo "1565"]
[BlackElo "1951"]
[PlyCount "92"]

1. d4 d5 2. Nc3 Bf5 3. f3 e6 4. e4 Bg6 5. h4 h5 6. Bg5 Be7 7. Qd2 c6 8. Nge2 f6
9. Be3 f5 10. exf5 exf5 11. g3 Nd7 12. Nf4 Bf7 13. Nd3 Qc7 14. Bf4 Bd6 15. Qe3+
Kf8 16. O-O-O Re8 17. Bxd6+ Qxd6 18. Qf4 Qxf4+ 19. gxf4 Rh6 20. Bh3 Ne7 21. Ne5
Be6 22. Rdg1 b6 23. Rg5 c5 24. Nb5 Nxe5 25. dxe5 Rd8 26. Rhg1 g6 27. Nd6 d4 28.
a4 Bd5 29. Bf1 Rh7 30. R5g3 Be6 31. b3 Rg7 32. Bd3 Rg8 33. Kb2 Kg7 34. Rg5 Kh7
35. Ka3 Rg7 36. b4 cxb4+ 37. Kxb4 Nd5+ 38. Ka3 Rf8 39. Bc4 Nxf4 40. Bxe6 Nxe6
41. Kb4 Nxg5 42. Rxg5 Rc7 43. Nb5 Rxc2 44. Nxd4 Rh2 45. Ne6 Re8 46. Nf4 Rxh4
0-1

[Event "Open Semana Santa 2023"]
[Site "?"]
[Date "2023.04.06"]
[Round "3.150"]
[White "Marin Bellon, Federico"]
[Black "Hladiy, Mark"]
[Result "1-0"]
[WhiteElo "1950"]
[BlackElo "1559"]
[PlyCount "69"]

1. e4 e5 2. Nf3 Nc6 3. d4 exd4 4. Bb5 Nf6 5. O-O Be7 6. e5 Nd5 7. c3 O-O 8.
cxd4 d6 9. Nc3 Be6 10. Ne4 Bg4 11. Qb3 dxe5 12. Bxc6 bxc6 13. Nxe5 Bd7 14. Qc4
Bd6 15. Bg5 f6 16. Nxc6 Bxc6 17. Qxc6 Bxh2+ 18. Kxh2 fxg5 19. Rac1 Rb8 20. Rc5
Ne3 21. Re1 Ng4+ 22. Kg3 h5 23. Qe6+ Kh8 24. Rxg5 Rb6 25. Rxh5+ Nh6 26. Qd5
Qxd5 27. Rxd5 Nf5+ 28. Kh2 Rxb2 29. g4 Nh6 30. Kg3 Rxa2 31. Rc1 Ra3+ 32. Kh4
Rf4 33. Rd8+ Ng8 34. Kg5 Rxe4 35. Rh1+ 1-0

[Event "Open Semana Santa 2023"]
[Site "?"]
[Date "2023.04.06"]
[Round "3.152"]
[White "Oreshkin, Vladislav"]
[Black "Aarav Sarbalia"]
[Result "0-1"]
[WhiteElo "1943"]
[BlackElo "1478"]
[PlyCount "64"]

1. b3 e5 2. Bb2 Nc6 3. e3 d5 4. Bb5 Bd6 5. f4 f6 6. Qh5+ g6 7. Qh4 exf4 8. exf4
Bd7 9. Ne2 Qe7 10. O-O O-O-O 11. a3 Qf7 12. b4 Rf8 13. Qf2 Kb8 14. Nbc3 Nge7
15. Bxc6 Nxc6 16. Nb5 Be7 17. Bc3 a6 18. Nbd4 Nxd4 19. Nxd4 g5 20. Rfb1 b6 21.
Qe2 gxf4 22. Qxa6 Rhg8 23. Rf1 Qh5 24. Rf2 Rg6 25. Re1 Bd8 26. b5 f5 27. Nc6+
Bxc6 28. bxc6 Rxc6 29. Bb4 Rg8 30. Ref1 Rh6 31. h4 Qxh4 32. Rf3 Rxg2+ 0-1

[Event "Open Semana Santa 2023"]
[Site "?"]
[Date "2023.04.06"]
[Round "3.153"]
[White "Crespo Ruiz, Manuel Maria"]
[Black "Vecillas Rey, Daniel"]
[Result "1-0"]
[WhiteElo "1936"]
[BlackElo "1465"]
[PlyCount "85"]

1. d4 d5 2. Nf3 Nf6 3. e3 e6 4. Bd3 b6 5. O-O Be7 6. Ne5 O-O 7. Qf3 Bb7 8. Nd2
c5 9. c3 Nbd7 10. Qh3 Rc8 11. g4 g6 12. f4 Ne4 13. Ndf3 f5 14. gxf5 exf5 15.
Bd2 a6 16. Be1 Ndf6 17. Bh4 c4 18. Bc2 b5 19. a3 a5 20. Kh1 b4 21. axb4 axb4
22. Rg1 Ng4 23. Bxe4 Bxh4 24. Nxg4 fxg4 25. Rxg4 dxe4 26. Nxh4 Rc6 27. Rg5 bxc3
28. bxc3 Qb6 29. Qf1 Qb2 30. Qc1 Qf2 31. Qe1 Qc2 32. Rg2 Qb3 33. Rb1 Qa3 34.
Rxb7 Ra8 35. f5 Qa1 36. Rb1 Qa6 37. fxg6 hxg6 38. Qg3 Kh7 39. Nf5 Rf8 40. Qh4+
Kg8 41. Ne7+ Kg7 42. Nxc6 Qxc6 43. Qe7+ 1-0

[Event "Open Semana Santa 2023"]
[Site "?"]
[Date "2023.04.06"]
[Round "3.154"]
[White "Bell, Luke"]
[Black "Robledo Sanchez, Saul"]
[Result "0-1"]
[WhiteElo "1490"]
[BlackElo "1931"]
[PlyCount "58"]

1. e4 c5 2. Nf3 e6 3. d4 cxd4 4. Nxd4 a6 5. Be3 Qc7 6. Nc3 Nf6 7. f3 Nc6 8. Qd2
Be7 9. Be2 O-O 10. g4 b5 11. g5 Ne8 12. h4 Nxd4 13. Bxd4 Bb7 14. O-O-O Rc8 15.
h5 b4 16. h6 g6 17. Bg7 bxc3 18. Qd3 Bxg5+ 19. Kb1 Nxg7 20. hxg7 Kxg7 21. Qd4+
e5 22. Qg1 h6 23. Qg4 Qb6 24. b3 Qa5 25. a4 Qb4 26. Ka2 Be7 27. Qxg6+ fxg6 28.
Rdg1 Qa3+ 29. Kb1 Qb2# 0-1

[Event "Open Semana Santa 2023"]
[Site "?"]
[Date "2023.04.06"]
[Round "3.155"]
[White "Alvarez Morales, Miguel"]
[Black "Prieto Sanchez, Manuel"]
[Result "1-0"]
[WhiteElo "1924"]
[BlackElo "1430"]
[PlyCount "81"]

1. c4 e6 2. Nc3 d5 3. cxd5 exd5 4. e3 Nf6 5. Nf3 Be7 6. d4 O-O 7. h3 b6 8. Bd3
Ba6 9. Ne5 Bxd3 10. Qxd3 Nbd7 11. Nc6 Qe8 12. Qb5 a6 13. Nxe7+ Qxe7 14. Qc6 Qd6
15. Qxd6 cxd6 16. Bd2 b5 17. Rc1 Rac8 18. Ke2 Nb6 19. f3 b4 20. Nb1 a5 21. Rxc8
Rxc8 22. Rc1 Rxc1 23. Bxc1 Nfd7 24. b3 Nb8 25. Kd3 Kf8 26. e4 dxe4+ 27. fxe4
Ke7 28. Bf4 Nc6 29. d5 Nd8 30. Nd2 f6 31. Nc4 Nxc4 32. Kxc4 Kd7 33. Kb5 Nb7 34.
Be3 g6 35. Kb6 Kc8 36. g4 h5 37. Bd4 hxg4 38. hxg4 Kb8 39. Kc6 Kc8 40. Bb6 Kb8
41. Bc7+ 1-0

[Event "Open Semana Santa 2023"]
[Site "?"]
[Date "2023.04.06"]
[Round "3.156"]
[White "Kita Ruiz, Ichiro"]
[Black "Vallina Menendez, Marcos"]
[Result "1-0"]
[WhiteElo "1919"]
[BlackElo "1377"]
[PlyCount "59"]

1. c4 c6 2. Nf3 Nf6 3. e3 d5 4. Qc2 g6 5. b3 Bg7 6. Bb2 O-O 7. d3 Bf5 8. Nbd2
Na6 9. a3 Rc8 10. Be2 Nc7 11. h3 dxc4 12. Nxc4 Be6 13. O-O b5 14. Nce5 Ncd5 15.
b4 Qc7 16. Rfc1 Bd7 17. Bd4 Rfe8 18. Qb3 Be6 19. Rxc6 Nf4 20. Qb2 Nxe2+ 21.
Qxe2 Qb7 22. Rac1 Nd7 23. R6c3 Rxc3 24. Rxc3 Rc8 25. Qc2 Nf6 26. Rxc8+ Bxc8 27.
Nc6 Qc7 28. Nxe7+ Qxe7 29. Qxc8+ Bf8 30. Bc5 1-0

[Event "Open Semana Santa 2023"]
[Site "?"]
[Date "2023.04.06"]
[Round "3.157"]
[White "Xia, Zhe"]
[Black "Bascunana Sanchez, Pablo"]
[Result "0-1"]
[WhiteElo "1366"]
[BlackElo "1918"]
[PlyCount "86"]

1. d4 Nf6 2. c4 g6 3. Nc3 Bg7 4. e4 d6 5. Nf3 O-O 6. Bg5 h6 7. Be3 Nbd7 8. Be2
Re8 9. h3 e5 10. d5 a5 11. b3 Nc5 12. Bd3 Nh5 13. Bc2 Nf4 14. Kf1 Qf6 15. Qd2
h5 16. Kg1 g5 17. h4 g4 18. Ng5 Qe7 19. f3 f6 20. Bxf4 exf4 21. Qxf4 fxg5 22.
Qd2 Qe5 23. Nb5 Qxa1+ 24. Kh2 g3+ 25. Kxg3 Qxh1 26. Qxg5 Bh3 27. Kf2 Qxg2+ 28.
Qxg2 Bxg2 29. Nxc7 Bh3 30. Kg3 Bd7 31. Nxe8 Rxe8 32. Kf2 Bd4+ 33. Kg3 Be3 34.
Bd1 Kf7 35. Be2 Rg8+ 36. Kh2 Bf4+ 37. Kh1 Kf6 38. Bf1 Na6 39. a3 Ke5 40. Be2
Kd4 41. b4 Ke3 42. Bd1 Kf2 43. c5 Rg1# 0-1

[Event "Open Semana Santa 2023"]
[Site "?"]
[Date "2023.04.06"]
[Round "3.158"]
[White "Ontanon Gomez, Jesus"]
[Black "Saez Pascual, Javier"]
[Result "1-0"]
[WhiteElo "1917"]
[BlackElo "1359"]
[PlyCount "105"]

1. e4 d5 2. exd5 Qxd5 3. Nc3 Qd6 4. d4 Nf6 5. Nf3 c6 6. g3 Bf5 7. Bg2 e6 8. O-O
h6 9. Re1 Be7 10. Bf4 Qd8 11. Qd2 O-O 12. a3 Nbd7 13. Rad1 Nd5 14. Nxd5 cxd5
15. Bf1 Rc8 16. Bd3 Bxd3 17. Qxd3 Nb6 18. Bc1 Qc7 19. c3 Nc4 20. Ne5 Nd6 21.
Re2 Bf6 22. Ng4 Qd8 23. Bf4 Nc4 24. Rde1 h5 25. Ne5 Bxe5 26. Bxe5 Rc6 27. Qf3
Qg5 28. Qd3 Rfc8 29. Bf4 Qg4 30. Kg2 h4 31. h3 Qh5 32. g4 Qh7 33. Qxh7+ Kxh7
34. Bg5 Rb6 35. Bxh4 Nxb2 36. Rb1 Na4 37. Rb4 Nxc3 38. Rxb6 axb6 39. Rb2 Rc6
40. Bd8 Ne4 41. Bxb6 Nd6 42. Bc5 b6 43. Rxb6 Rxb6 44. Bxb6 Nc4 45. Bc5 g5 46.
Kg3 Kg6 47. a4 f6 48. Bb4 Nb6 49. a5 Na8 50. Bd6 Kf7 51. f4 Ke8 52. fxg5 fxg5
53. h4 1-0

[Event "Open Semana Santa 2023"]
[Site "?"]
[Date "2023.04.06"]
[Round "3.159"]
[White "Xia, Yan"]
[Black "Segura Marsa, Andres"]
[Result "0-1"]
[WhiteElo "1119"]
[BlackElo "1916"]
[PlyCount "62"]

1. e4 c5 2. Nf3 Nc6 3. d4 cxd4 4. Nxd4 g6 5. Be3 Nf6 6. f3 Qb6 7. Na3 d5 8. e5
Nxe5 9. Qc1 Qa5+ 10. c3 Nc6 11. Bb5 Bd7 12. b4 Qc7 13. Bxc6 bxc6 14. f4 Bg7 15.
h3 O-O 16. Qd2 Ne4 17. Qc2 Ng3 18. Rg1 e5 19. fxe5 Qxe5 20. Kd2 Nf5 21. Rae1
Nxe3 22. Rxe3 Bh6 23. Rge1 Rae8 24. Qd3 Qg5 25. Nac2 Qxg2+ 26. R1e2 Bxe3+ 27.
Nxe3 Qxh3 28. Qa6 Re7 29. Qxa7 Rfe8 30. Ndc2 Bf5 31. Qc5 Bxc2 0-1

[Event "Open Semana Santa 2023"]
[Site "?"]
[Date "2023.04.06"]
[Round "3.160"]
[White "Arce Gonzalez, Dario"]
[Black "Tamiolakis, Grigorios"]
[Result "1-0"]
[WhiteElo "1908"]
[BlackElo "1272"]
[PlyCount "57"]

1. e4 c5 2. Nf3 e6 3. d4 cxd4 4. Nxd4 a6 5. c4 Qc7 6. Nc3 Nf6 7. Be2 Bb4 8. Qc2
O-O 9. O-O Nc6 10. Be3 b6 11. f3 Bb7 12. Rfd1 Bc5 13. Qd2 Rad8 14. Nc2 d6 15.
a3 Bxe3+ 16. Nxe3 Ne7 17. Rac1 Qb8 18. Qd4 Bc6 19. b4 d5 20. cxd5 exd5 21. e5
Nd7 22. f4 Kh8 23. Bf3 Qb7 24. Ncxd5 Nb8 25. Qxb6 Nxd5 26. Nxd5 Rxd5 27. Qxb7
Rxd1+ 28. Rxd1 Bxb7 29. Bxb7 1-0

[Event "Open Semana Santa 2023"]
[Site "?"]
[Date "2023.04.06"]
[Round "3.161"]
[White "Bethencourt Hernandez, Alberto I"]
[Black "Sanjuan Segura, Ignacio"]
[Result "0-1"]
[WhiteElo "1091"]
[BlackElo "1902"]
[PlyCount "78"]

1. e4 g6 2. d4 Nf6 3. Nc3 d5 4. Bg5 Nxe4 5. Be3 Nxc3 6. bxc3 Bg7 7. Ne2 O-O 8.
Rb1 Nc6 9. Qd2 e5 10. Ng3 f5 11. Bg5 Qd6 12. Ne2 Na5 13. Nc1 e4 14. Bf4 Qe7 15.
Be2 Bf6 16. Rb5 b6 17. h4 c6 18. Rb1 Nb7 19. Qe3 Nd8 20. c4 Ne6 21. c3 Bxh4 22.
cxd5 cxd5 23. Nb3 Nxf4 24. Qxf4 Bf6 25. f3 g5 26. Qh2 exf3 27. gxf3 Ba6 28. Rb2
Rae8 29. Rg1 Bxe2 30. Rxe2 Qxe2+ 31. Qxe2 Rxe2+ 32. Kxe2 Re8+ 33. Kd3 h5 34.
Nd2 Kh7 35. Nb1 h4 36. Na3 h3 37. Rg3 g4 38. fxg4 fxg4 39. Rg1 h2 0-1

[Event "Open Semana Santa 2023"]
[Site "?"]
[Date "2023.04.06"]
[Round "3.166"]
[White "Serrano Requena, Guillem"]
[Black "Tudela Gonzalez, Victor"]
[Result "0-1"]
[WhiteElo "1563"]
[BlackElo "2094"]
[PlyCount "90"]

1. d4 Nf6 2. Bg5 c6 3. Bxf6 gxf6 4. e3 Qb6 5. Qc1 d5 6. g3 Bf5 7. Nd2 Nd7 8.
Bh3 Bg6 9. Ne2 e6 10. O-O Be7 11. c4 Bd3 12. Re1 dxc4 13. Nf4 Bg6 14. Nxc4 Qc7
15. Bg2 f5 16. a3 O-O 17. Rd1 Nf6 18. Ne5 Rac8 19. b4 a5 20. Qc4 Nd5 21. Nfd3
Rfd8 22. Rdc1 Qb6 23. Nc5 axb4 24. axb4 Ra8 25. Bf3 Bg5 26. Bxd5 cxd5 27. Qb3
Bh5 28. f4 Be7 29. Kf2 f6 30. Ned3 Be8 31. Ra2 Bb5 32. Ra3 Qc6 33. Rca1 Rxa3
34. Rxa3 b6 35. Ra7 bxc5 36. Rxe7 c4 37. Qd1 cxd3 38. Qh5 Qc2+ 39. Kg1 Qc1+ 40.
Kf2 Qd2+ 41. Kg1 Qe1+ 42. Kg2 Qe2+ 43. Qxe2 dxe2 44. g4 e1=Q 45. gxf5 Bf1+ 0-1

[Event "Open Semana Santa 2023"]
[Site "?"]
[Date "2023.04.06"]
[Round "3.167"]
[White "Torres Rebolledo, Marcos"]
[Black "FM Varga, Mariano"]
[Result "1/2-1/2"]
[WhiteElo "1557"]
[BlackElo "2026"]
[PlyCount "77"]

1. d4 Nf6 2. c4 e6 3. Nc3 Bb4 4. Qc2 c5 5. dxc5 Bxc5 6. Nf3 Be7 7. Bg5 d6 8. e3
Nbd7 9. Bd3 a6 10. O-O h6 11. Bh4 O-O 12. Rad1 Qc7 13. Bg3 Nh5 14. Qd2 Nxg3 15.
hxg3 Nf6 16. b3 Bd7 17. Ne4 Nxe4 18. Bxe4 Bc6 19. Bb1 Bxf3 20. gxf3 b5 21. Qd3
g6 22. cxb5 axb5 23. Qxb5 Rfb8 24. Rc1 Qa7 25. Qc4 d5 26. Qf4 Bg5 27. Qe5 Rc8
28. Rxc8+ Rxc8 29. Bxg6 Qxa2 30. Ra1 Qxb3 31. Ra7 Rf8 32. Bxf7+ Rxf7 33. Qxe6
Qd1+ 34. Kh2 Qxf3 35. Qg6+ Kf8 36. Ra8+ Ke7 37. Ra7+ Kf8 38. Ra8+ Ke7 39. Ra7+
1/2-1/2

[Event "Open Semana Santa 2023"]
[Site "?"]
[Date "2023.04.06"]
[Round "3.168"]
[White "Fernandez Fernandez, Juan Carlos"]
[Black "Piris Ferrandis, Asier"]
[Result "1-0"]
[WhiteElo "1953"]
[BlackElo "1603"]
[Annotator "Usuario"]
[PlyCount "79"]

1. d4 Nf6 2. c4 g6 3. Nc3 Bg7 4. e4 d6 5. f3 O-O 6. Be3 Nbd7 7. Qd2 e5 8. d5 a6
9. Bd3 Nc5 10. Nge2 Rb8 11. O-O Nfd7 12. Bc2 a5 13. Bg5 f6 14. Be3 f5 15. exf5
gxf5 16. Bg5 Qe8 17. Nb5 Nb6 18. b3 Qf7 19. Rae1 f4 20. Bh4 a4 21. Nec3 Kh8 22.
Bf2 axb3 23. axb3 Na6 24. Bxb6 cxb6 25. Nxd6 Qe7 26. Nxc8 Rbxc8 27. d6 Qe6 28.
Ne4 h6 29. Rd1 Nc5 30. Ra1 Nxe4 31. Bxe4 Qd7 32. Ra7 Rb8 33. Qb4 Rf6 34. Rd1
Bf8 35. Qxb6 Rxd6 36. Rxd6 Bxd6 37. Bd5 Qf5 38. Be4 Qd7 $11 39. h3 Rg8 40. Rxb7
1-0

[Event "Open Semana Santa 2023"]
[Site "?"]
[Date "2023.05.31"]
[Round "3.169"]
[White "Ortega Sanchez Montanez, Marcos"]
[Black "Candela Martin, Alvaro"]
[Result "0-1"]
[WhiteElo "1538"]
[BlackElo "1917"]
[PlyCount "94"]

1. d4 d5 2. c4 e6 3. Nc3 c6 4. Nf3 dxc4 5. a4 Bb4 6. Bd2 a5 7. e4 b5 8. axb5
Bxc3 9. Bxc3 cxb5 10. d5 Nf6 11. dxe6 Qxd1+ 12. Rxd1 Bxe6 13. Bxf6 gxf6 14. Nd4
Bd7 15. Be2 a4 16. O-O Na6 17. Rd2 Nc5 18. Bf3 Ra7 19. Rfd1 O-O 20. g3 Re8 21.
Nc2 Re5 22. Na3 Bc6 23. Rd6 Bxe4 24. Rxf6 Bxf3 25. Rxf3 Nd3 26. Rd2 Rae7 27.
Re3 Rxe3 28. fxe3 Rxe3 29. Nxb5 Ne5 30. Kf2 Rb3 31. Nd6 Nd3+ 32. Ke2 Nxb2 33.
Nf5 Rb8 34. Rd7 Ra8 35. Nd4 a3 36. Nc2 a2 37. Na1 Nd3 38. h4 Nc1+ 39. Ke3 Nb3
40. Rd1 Ra3 41. Ke2 Nxa1 42. Rxa1 Rxg3 43. Kf2 Rh3 44. Kg2 Ra3 45. Kf2 Kg7 46.
Ke2 c3 47. h5 Kh6 0-1

[Event "Open Semana Santa 2023"]
[Site "?"]
[Date "2023.04.06"]
[Round "3.170"]
[White "Alonso Perez, Alfredo"]
[Black "Puig Perez, Jordi"]
[Result "1-0"]
[WhiteElo "1891"]
[BlackElo "1566"]
[PlyCount "31"]

1. d4 Nf6 2. Bf4 e6 3. e3 b6 4. Nd2 Bb7 5. Ngf3 Be7 6. h3 O-O 7. Bd3 h6 8. Qe2
d6 9. g4 c5 10. Rg1 cxd4 11. exd4 Nc6 12. c3 Re8 13. Bxh6 gxh6 14. g5 hxg5 15.
Nxg5 Kf8 16. Qh5 1-0

[Event "Open Semana Santa 2023"]
[Site "?"]
[Date "2023.04.06"]
[Round "3.171"]
[White "Marin Giner, Gustavo"]
[Black "Duller Llopis, Jouke"]
[Result "0-1"]
[WhiteElo "1449"]
[BlackElo "1889"]
[PlyCount "100"]

1. e4 e6 2. Qe2 Be7 3. c3 d5 4. e5 b6 5. g3 Ba6 6. d3 c5 7. Bg2 Nc6 8. Nf3 Qd7
9. O-O O-O-O 10. Re1 h6 11. Qc2 g5 12. Be3 g4 13. Nfd2 Nxe5 14. d4 Nc6 15. dxc5
Bxc5 16. Bxc5 bxc5 17. Qa4 Qb7 18. Nb3 Qb6 19. Qxg4 c4 20. Nd4 Nxd4 21. Qxd4
Qxd4 22. cxd4 Ne7 23. Nc3 Kc7 24. Rac1 Rb8 25. Rc2 Nc6 26. Rd2 Rhg8 27. Na4 Kd6
28. Nc3 Rg4 29. f4 Nb4 30. Bf1 Rg7 31. Kf2 h5 32. Kf3 f6 33. Bh3 Bc8 34. Bf1
Re7 35. a3 Nc6 36. Na4 e5 37. dxe5+ fxe5 38. Bxc4 Nd4+ 39. Rxd4 exd4 40. Rxe7
Kxe7 41. Bxd5 Kd6 42. Be4 Bg4+ 43. Kf2 Bd1 44. Nc3 dxc3 45. bxc3 Rb2+ 46. Ke3
Rxh2 47. c4 Ra2 48. Bd5 Rxa3+ 49. Kf2 Bg4 50. Be4 Rc3 0-1

[Event "Open Semana Santa 2023"]
[Site "?"]
[Date "2023.04.06"]
[Round "3.172"]
[White "Perez Garcia, Saul"]
[Black "Bethencourt Hernandez, Valeria"]
[Result "1-0"]
[WhiteElo "1885"]
[BlackElo "1654"]
[PlyCount "75"]

1. d4 Nf6 2. Bf4 g6 3. Nc3 Bg7 4. e4 d6 5. Qd2 h6 6. O-O-O a5 7. Bd3 Na6 8. h3
c6 9. g4 b5 10. e5 dxe5 11. dxe5 Nd5 12. Nxb5 Nab4 13. Bc4 cxb5 14. Bxb5+ Bd7
15. Bxd7+ Qxd7 16. a3 Nxc2 17. Qxd5 Qxd5 18. Rxd5 Rc8 19. Kb1 a4 20. Ne2 O-O
21. Rc1 Nxa3+ 22. bxa3 Rb8+ 23. Ka2 Rb3 24. Rc3 Rfb8 25. Rxb3 Rxb3 26. Rd8+ Kh7
27. Rd4 f6 28. Rxa4 Rb5 29. Rb4 Rc5 30. Kb3 fxe5 31. Be3 Rc6 32. Nc3 Rd6 33. a4
e6 34. a5 Bf8 35. Rb6 Rxb6+ 36. Bxb6 Bd6 37. Ne4 Bb8 38. Nc5 1-0

[Event "Open Semana Santa 2023"]
[Site "?"]
[Date "2023.04.06"]
[Round "3.173"]
[White "Kocharyan Baghdasaryan, Arman"]
[Black "Gutierrez Lupion, Nuria"]
[Result "0-1"]
[WhiteElo "1881"]
[BlackElo "1551"]
[PlyCount "72"]

1. e4 c5 2. Nf3 d6 3. d4 cxd4 4. Nxd4 Nf6 5. Nc3 a6 6. Bg5 e6 7. f4 Be7 8. Qf3
h6 9. Bh4 g5 10. fxg5 Nfd7 11. Bd3 hxg5 12. Bg3 Nc6 13. Nb3 Nde5 14. Qe2 b5 15.
O-O-O Bb7 16. a4 b4 17. Nb1 Qb6 18. N1d2 Rc8 19. Kb1 Bf6 20. Rhf1 Bg7 21. Nf3
g4 22. Nxe5 Nxe5 23. Bxe5 Bxe5 24. Qxg4 Qc6 25. Rxf7 Kxf7 26. Rf1+ Ke7 27. Qg5+
Ke8 28. Na5 Qb6 29. Qg6+ Kd8 30. Rf7 Rc7 31. Nc4 Qd4 32. Qg5+ Kc8 33. Rxc7+
Kxc7 34. Qe7+ Kb8 35. Qxe6 b3 36. Qf7 Rc8 0-1

[Event "Open Semana Santa 2023"]
[Site "?"]
[Date "2023.04.06"]
[Round "3.174"]
[White "Gonzalez Lopez, Lucas I"]
[Black "Ibanez Valentin, Gabriel"]
[Result "1/2-1/2"]
[WhiteElo "1862"]
[BlackElo "1537"]
[Annotator "Usuario"]
[PlyCount "134"]

1. d4 d5 2. c4 c6 3. Nc3 Nf6 4. e3 Bf5 5. Nf3 e6 6. Be2 Nbd7 7. Nh4 Bg6 8. O-O
Be7 9. f4 Ne4 10. Nf3 Ndf6 11. Bd2 O-O 12. Ne5 Qc7 13. Nxg6 hxg6 14. c5 b6 15.
cxb6 axb6 16. a3 c5 17. Rc1 Qb7 18. Nb5 Rfc8 19. Be1 Nd6 20. Nxd6 Bxd6 21. Bc3
Ne4 22. Qd3 Rc7 23. Bf3 Nxc3 24. Rxc3 cxd4 25. Qxd4 Rxc3 26. Qxc3 Rc8 27. Qd2
Qc7 28. Rd1 Qc5 29. Kf1 Qc4+ 30. Be2 Qb3 31. Bd3 Be7 32. Ke2 Bf6 33. Rb1 Rc5
34. g4 g5 35. fxg5 Bxg5 36. Qd1 Qxd1+ 37. Rxd1 Bf6 38. Rd2 Kf8 39. Kd1 Ke7 40.
Rc2 Kd6 41. b4 Rc6 42. Rxc6+ Kxc6 43. Kc2 b5 44. e4 d4 45. Kb3 Be5 46. h3 Bf4
47. a4 bxa4+ 48. Kxa4 Kb6 49. b5 f6 50. Kb4 Bg3 51. Kc4 Bf2 52. Kb4 Bg3 $11 53.
Kb3 Kc5 54. Ka4 Kb6 55. Bc4 e5 56. Bd3 Be1 57. Kb3 Kc5 58. Kc2 Kd6 59. Kd1 Bh4
60. g5 Bxg5 61. Ke2 Kc5 62. Kf3 Bh6 63. Kg4 Kb6 64. Kf5 Kc5 65. Ke6 Kb6 66. Kd6
Be3 67. Kd7 Bh6 1/2-1/2

[Event "Open Semana Santa 2023"]
[Site "?"]
[Date "2023.04.06"]
[Round "3.175"]
[White "Soto Fernandez, Diego"]
[Black "Mascarell Canet, Ricardo"]
[Result "0-1"]
[WhiteElo "1416"]
[BlackElo "1858"]
[PlyCount "80"]

1. c4 Nf6 2. Nc3 g6 3. g3 Bg7 4. Bg2 O-O 5. e3 d6 6. Nge2 Nc6 7. O-O e5 8. b3
Bf5 9. d4 Qc8 10. Ba3 Re8 11. Nb5 a6 12. Nbc3 Rb8 13. Nd5 Nxd5 14. cxd5 Ne7 15.
Rc1 Qd7 16. dxe5 dxe5 17. d6 cxd6 18. Qxd6 Qxd6 19. Bxd6 Rbd8 20. Rfd1 Bg4 21.
f3 Be6 22. e4 Nc6 23. Bc5 Bh6 24. f4 Bg4 25. Rxd8 Rxd8 26. Nc3 exf4 27. Rf1
fxg3 28. hxg3 Bf8 29. Bxf8 Kxf8 30. Nd5 Kg7 31. Re1 f6 32. Rf1 Rd6 33. Rf4 Bd7
34. Kf1 Ne5 35. Ke2 g5 36. Rf1 Bb5+ 37. Ke3 Bxf1 38. Bxf1 Rc6 39. Kd2 h5 40.
Ne7 Rc5 0-1

[Event "Open Semana Santa 2023"]
[Site "?"]
[Date "2023.04.06"]
[Round "3.177"]
[White "Valiente Uruena, Sergio"]
[Black "Valverde Lopez, Francisco Leopol"]
[Result "1-0"]
[WhiteElo "1790"]
[BlackElo "1525"]
[PlyCount "39"]
[EventDate "2023.??.??"]

1. d4 Nf6 2. c4 e6 3. g3 c5 4. d5 Bd6 5. Nc3 a6 6. a4 Qc7 7. Bg2 Ng4 8. e4 h5
9. f4 e5 10. f5 Be7 11. h3 Nf6 12. g4 hxg4 13. hxg4 Rxh1 14. Bxh1 Nh7 15. g5
Bxg5 16. Bxg5 Nxg5 17. Qh5 Qb6 18. Qh8+ Ke7 19. d6+ Qxd6 20. Nd5+ 1-0

[Event "Open Semana Santa 2023"]
[Site "?"]
[Date "2023.04.06"]
[Round "3.178"]
[White "Sarto Ramos, Angel"]
[Black "Sanchez Lake, Alvaro"]
[Result "1/2-1/2"]
[WhiteElo "1790"]
[BlackElo "1524"]
[PlyCount "55"]

1. Nf3 c5 2. b3 d6 3. Bb2 Nf6 4. c4 g6 5. e4 Bg7 6. Be2 Nbd7 7. O-O O-O 8. Qc2
b6 9. d4 Bb7 10. d5 e5 11. Nc3 Ne8 12. Bd3 Bc8 13. Rae1 Ndf6 14. Bc1 Nh5 15.
Ne2 f5 16. Ng3 f4 17. Nxh5 gxh5 18. Be2 Kh8 19. Kh1 Rg8 20. Ng1 Bg4 21. h3 Qh4
22. Nf3 Bxf3 23. Bxf3 Bh6 24. Qe2 Nf6 25. Rg1 Rg6 26. Qf1 Rag8 27. Bb2 Bf8 28.
Qe2 1/2-1/2

[Event "Open Semana Santa 2023"]
[Site "?"]
[Date "2023.04.06"]
[Round "3.179"]
[White "Sanchez Peral, Pedro"]
[Black "Gomez Pastrana, Alba"]
[Result "1/2-1/2"]
[WhiteElo "1761"]
[BlackElo "1504"]
[PlyCount "42"]

1. e4 c5 2. Nf3 e6 3. d4 cxd4 4. Nxd4 Nf6 5. Nc3 Nc6 6. g3 Bb4 7. Bg2 d5 8.
exd5 Nxd5 9. O-O Bxc3 10. Nxc6 bxc6 11. bxc3 O-O 12. Ba3 Ba6 13. Re1 Re8 14.
Qd4 Qa5 15. Bb4 Qc7 16. Bc5 Red8 17. Qa4 Bb5 18. Qb3 Nb6 19. a4 Ba6 20. a5 Nc4
21. Qa4 Bb5 1/2-1/2

[Event "Open Semana Santa 2023"]
[Site "?"]
[Date "2023.04.06"]
[Round "3.180"]
[White "Nunez De Arenas Navarro, Agnes"]
[Black "Munoz Osete, Marcos"]
[Result "0-1"]
[WhiteElo "1245"]
[BlackElo "1743"]
[PlyCount "94"]

1. e4 c6 2. d4 d5 3. Nc3 dxe4 4. Nxe4 Nf6 5. Nxf6+ exf6 6. c3 Bd6 7. Bd3 O-O 8.
Qc2 Re8+ 9. Ne2 g6 10. h4 Be6 11. h5 f5 12. Be3 Qf6 13. hxg6 fxg6 14. O-O-O b5
15. Rh6 Bf8 16. Rhh1 a5 17. Rdg1 Bd6 18. Bf4 Bd5 19. Bxd6 Qxd6 20. Rh6 Be4 21.
Bxe4 Rxe4 22. Rgh1 Ra7 23. Qb3+ Qd5 24. c4 Qxc4+ 25. Qxc4+ bxc4 26. Kd2 Rd7 27.
f3 Re8 28. R6h4 c5 29. Rc1 cxd4 30. Rxc4 d3 31. Ng3 Red8 32. Rc3 Rb7 33. b3
Rbd7 34. Nh1 Na6 35. a3 Rb8 36. Nf2 Rdb7 37. Ra4 Rxb3 38. Rxb3 Rxb3 39. Rxa5
Rb2+ 40. Ke1 Nc7 41. g4 fxg4 42. fxg4 Re2+ 43. Kf1 Re3 44. Ra4 d2 45. Ra7 Re1+
46. Kg2 Re2 47. Rxc7 d1=Q 0-1

[Event "Open Semana Santa 2023"]
[Site "?"]
[Date "2023.04.06"]
[Round "3.181"]
[White "Olivares Romero, Sara"]
[Black "Lirola Gimeno, Manuel Jaime"]
[Result "1-0"]
[WhiteElo "1743"]
[BlackElo "1407"]
[PlyCount "85"]

1. e4 e6 2. d3 d5 3. Nd2 Nf6 4. Ngf3 Nc6 5. g3 Bc5 6. Bg2 Qe7 7. O-O Bd7 8.
exd5 Nxd5 9. Nc4 O-O-O 10. Nfe5 f6 11. Nxd7 Qxd7 12. c3 g5 13. Bd2 h5 14. b4
Bd6 15. b5 Nce7 16. Na5 b6 17. Nc6 Nxc6 18. bxc6 Qh7 19. Qa4 a5 20. Qb5 Rde8
21. Rfe1 h4 22. Bxd5 hxg3 23. Qa6+ Kd8 24. Qa8+ Ke7 25. Rxe6+ Kf7 26. Rxe8+ Kg7
27. Rxh8 gxf2+ 28. Kg2 Qxh8 29. Qxh8+ Kxh8 30. Kxf2 Bc5+ 31. Be3 Bd6 32. Bd4
Kg7 33. Kg2 Kg6 34. Re1 Bf8 35. Re8 Kg7 36. Bxf6+ Kxf6 37. Rxf8+ Ke5 38. Rd8
Kf6 39. Rd7 Ke5 40. Be4 Kf6 41. Rxc7 Ke6 42. Rd7 Ke5 43. Kf3 1-0